Les registres de Boniface VIII (Record no. 152360)

MARC details
000 -LEADER
campo de control de longitud fija 01644nam a2200301 i 4500
001 - NÚMERO DE CONTROL
campo de control 152360
003 - IDENTIFICADOR DE NÚMERO DE CONTROL
campo de control ES-MaACL
005 - FECHA Y HORA DE LA ÚLTIMA TRANSACCIÓN
campo de control 20250831072558.0
008 - DATOS DE LONGITUD FIJA--INFORMACIÓN GENERAL
campo de control de longitud fija 950117m18841939fr |||| | lat d
040 ## - FUENTE DE CATALOGACIÓN
Centro catalogador/agencia de origen EUS
Lengua de catalogación spa
Centro/agencia transcriptor EUS
110 2# - ENTRADA PRINCIPAL--NOMBRE DE ENTIDAD CORPORATIVA
Nombre de entidad corporativa o nombre de jurisdicción como elemento de entrada Iglesia Católica.
Unidad subordinada Papa (1294-1303: Bonifacio VIII)
9 (RLIN) 154822
245 14 - MENCIÓN DEL TÍTULO
Título Les registres de Boniface VIII
Resto del título : recueil des bulles de ce pape /
Mención de responsabilidad, etc. publiées ou anlysées d'après les manuscrits originaux des archives du Vatican par Georges Digard, Maurice Faucon & Antoine Thomas.
260 ## - PUBLICACIÓN, DISTRIBUCIÓN, ETC.
Lugar de publicación, distribución, etc. Paris :
Nombre del editor, distribuidor, etc. Ernest Thorin :
-- E. de Boccard :
-- Albert Fontemoing,
Fecha de publicación, distribución, etc. 1884-1939.
300 ## - DESCRIPCIÓN FÍSICA
Extensión 4 v. ;
Dimensiones 31 cm.
490 1# - MENCIÓN DE SERIE
Mención de serie Bibliothèque des écoles françaises d'Athènes & de Rome. 2ª série . ; 4
-- ; 1, 7, 8
594 ## - Nota al título y mención de responsabilidad
Nota al título y mención de responsabilidad Texto en latín y francés.
597 ## - NOTA DE DESCRIPCIÓN FÍSICA
NOTA DE DESCRIPCIÓN FÍSICA Texto a dos col.
650 04 - PUNTO DE ACCESO ADICIONAL DE MATERIA--TÉRMINO DE MATERIA
Término de materia o nombre geográfico como elemento de entrada Bulas pontificias.
9 (RLIN) 10642
650 07 - PUNTO DE ACCESO ADICIONAL DE MATERIA--TÉRMINO DE MATERIA
Término de materia o nombre geográfico como elemento de entrada Historia eclesiástica
Fuente del encabezamiento o término embne
9 (RLIN) 13400
700 0# - ENTRADA AGREGADA--NOMBRE PERSONAL
Nombre de persona Bonifacio
Numeración VIII
Títulos y otros términos asociados al nombre , Papa.
9 (RLIN) 30172
700 0# - ENTRADA AGREGADA--NOMBRE PERSONAL
Nombre de persona Digard, Georges.
9 (RLIN) 44795
700 1# - ENTRADA AGREGADA--NOMBRE PERSONAL
Nombre de persona Faucon, Maurice.
9 (RLIN) 127016
700 0# - ENTRADA AGREGADA--NOMBRE PERSONAL
Nombre de persona Thomas, Antoine.
9 (RLIN) 109997
830 0# - PUNTO DE ACCESO ADICIONAL DE SERIE-TÍTULO UNIFORME
Título uniforme Bibliothèque des écoles françaises d'Athènes & de Rome. 2ª série . ; 4
Número de parte o sección de la obra ; 1, 7, 8
9 (RLIN) 221321
852 ## - LOCALIZACIÓN
Ubicación ES-MaACL
Número de control de estantería C-7458-60
Nota libre -- Rust. deteriorada
condición física -- Sólo fascicule 1 (1884), fascicule 2 (1885), fascicule 3 (1886); fascicule 5 (1890), fascicule 6 (1891), fascicule 7 y 8, fascicule 9, fascicule 10 (1907), fascicule 11 (1909), fascicule 12 (1911)
-- Falto de la port. de los fascicule 7, 8, 9
Nota libre -- Enc. en 3 v.
Encuadernación -- Edic.: La obra se publico en 3 v. con 260 feuilles
Holdings
Estatus retirado Estado de pérdida Estado de daño No para préstamo Colección Biblioteca de origen Biblioteca actual Ubicación en estantería Fecha de adquisición Total de préstamos Signatura topográfica completa Código de barras Visto por última vez Precio de reemplazo Tipo de ítem Koha
        Libros del s. XIX Biblioteca del Ateneo de Madrid Biblioteca del Ateneo de Madrid Sala Palomar 17/01/2008   C-7458-60 1159089 23/02/2023 23/02/2023 Libro impreso antiguo